[Event "HUN-chT2 9394"]
[Site "?"]
[Date "1994.??.??"]
[Round "?"]
[White "Kovacs, G."]
[Black "Apro, Adrian"]
[Result "1-0"]
[WhiteElo "2190"]
[BlackElo "2135"]

1.e4 c5 2.Nf3 Nc6 3.Nc3 d6 4.Bc4 Nf6 5.d4 cxd4 6.Nxd4 e6 7.Bb3 Be7 8.Be3 O-O
9.O-O Bd7 10.f4 Nxd4 11.Bxd4 Bc6 12.Qe2 b5 13.Nxb5 Bxb5 14.Qxb5 Nxe4 15.Qd3 Nf6
16.Rad1 Qc7 17.Qg3 Rad8 18.c3 Ne8 19.Qe3 Ra8 20.Bc2 g6 21.f5 e5 22.fxg6 hxg6
23.Qf3 Rb8 24.Be3 Bf6 25.Bb3 Kg7 26.Qd5 Qb7 27.Qa5 a6 28.Qa4 Be7 29.Rf2 f5
30.Rfd2 f4 31.Bf2 Nf6 32.Bc4 Ra8 33.Qa5 e4 34.Bd4 e3 35.Re2 Kh7 36.Bxf6 Rxf6
37.Bd5 Qb8 38.Bxa8 Qxa8 39.Qd5 Qa7 40.Rf1 Qd7 41.Rf3 Rf5 42.Qe4 d5 43.Qd3 Qe6
44.Qd4 Bf6 45.Qa7+ Be7 46.Qb8 Rf8 47.Qc7 g5 48.h4 Rf7 49.hxg5 Bxg5 50.Rh3+ Kg7
51.Qb8 Bh6 52.Qb4 Qf5 53.Qd4+ Kh7 54.c4 dxc4 55.Qxc4 Qf6 56.Rf3 Rd7 57.Kh2 Qe5
58.Qxa6 Rd6 59.Qc4 Qe7 60.Rh3 Qf6 61.Qe4+ Kg7 62.Rc2 Rd8 63.Rc7+ Kf8 64.Rh5 Bg5
65.Qf5  1-0

[Event "HUN-chT2 9394"]
[Site "?"]
[Date "1994.??.??"]
[Round "?"]
[White "Zemerov, Vladimir"]
[Black "Feher, Gyula"]
[Result "1/2-1/2"]
[WhiteElo "2415"]
[BlackElo "2400"]

1.e4 c5 2.Nc3 Nc6 3.Nf3 d6 4.Bb5 e5 5.a4 Nf6 6.d3 Be7 7.h3 O-O 8.Bc4 a6 9.O-O Rb8
10.Bd2 Nd4 11.a5 h6 12.Nd5 Nxd5 13.Nxd4 Nf4 14.Ne2 Bg5 15.Bxf4 Bxf4 16.Nxf4 exf4
17.Qh5 Qf6 18.Rab1 Re8 19.Qf3 Re5 20.Kh2 Be6 21.b3 Rd8 22.Bxe6 fxe6 23.Rbe1 Rf8
24.c3 Rf7 25.Rc1 Kh7 26.Rfd1 Rg5 27.d4 cxd4 28.Rxd4 Rxa5 29.Rxd6 Qe5 30.Rcd1 Ra2
31.R1d2 Rxd2 32.Rxd2 Rc7 33.Rd4 b5 34.b4 a5 35.bxa5 b4 36.Rxb4 Rxc3 37.Rb5 Rxf3
38.Rxe5 Rxf2 39.h4 Ra2 40.Kh3 Kg8 41.Rxe6 Rxa5 42.Kg4 Kf7 43.Rb6 Ra2 44.Kf5 Rxg2
45.Rb7+ Kg8 46.Kxf4 g5+ 47.hxg5 Rxg5 48.e5 Kf8 49.Rh7 Rg6 50.Kf5 Ra6 51.Rb7 Ke8
52.Rh7 Kf8 53.e6 Ra1  1/2-1/2

[Event "HUN-chT2 9394"]
[Site "?"]
[Date "1994.??.??"]
[Round "?"]
[White "Balazs, Tibor Jr"]
[Black "Csaba, Arpad"]
[Result "1-0"]
[WhiteElo "2250"]
[BlackElo "2235"]

1.e4 c5 2.Nc3 Nc6 3.Nf3 d6 4.d4 cxd4 5.Nxd4 Nf6 6.Be2 e5 7.Nf3 h6 8.h3 Be6
9.O-O Be7 10.Be3 Qd7 11.a3 a6 12.Nd5 Bd8 13.Nxf6+ gxf6 14.Nh4 Bxh3 15.Kh2 Be6
16.Qd3 Ne7 17.Rad1 Bc7 18.c4 f5 19.exf5 Nxf5 20.Nxf5 Bxf5 21.Qd5 Qc6 22.Bf3 e4
23.Qxf5 exf3 24.Rfe1 O-O 25.Rd4 d5+ 26.g3 h5 27.Qxh5 f5 28.Rh4  1-0

[Event "HUN-chT2 9394"]
[Site "?"]
[Date "1994.??.??"]
[Round "?"]
[White "Adzic, Slobodan"]
[Black "Csicsay, Imre"]
[Result "1-0"]
[WhiteElo "2265"]
[BlackElo "2250"]

1.e4 c5 2.Nf3 Nc6 3.Nc3 g6 4.d4 Bg7 5.Be3 cxd4 6.Nxd4 Nf6 7.h3 Qa5 8.Nb3 Qc7
9.g3 b6 10.Bg2 Ba6 11.a4 O-O 12.Nb5 Bxb5 13.axb5 Ne5 14.O-O Rac8 15.Bd4 Nc4
16.Re1 d6 17.Ra4 Qd7 18.Bf1 e5 19.Bc3 Qe6 20.Qd3 Na5 21.Nxa5 bxa5 22.Rxa5 d5
23.exd5 Nxd5 24.Ra6 Nb6 25.Rxa7 Rfd8 26.Qf3 Qd5 27.Qxd5 Nxd5 28.Bxe5 Re8
29.f4 Rxc2 30.b3 Bf8 31.Rd7 Nb6 32.Rdd1 Bc5+ 33.Kh1 Bf2 34.Rc1 Ra2 35.Ra1 Bxg3
36.Rxa2 Bxe1 37.Bd4 Rb8 38.Ra6 Nc8  1-0

[Event "HUN-chT2 9394"]
[Site "?"]
[Date "1994.??.??"]
[Round "?"]
[White "Zemerov, Vladimir"]
[Black "Jozsa, Csaba"]
[Result "1-0"]
[WhiteElo "2415"]
[BlackElo "2280"]

1.e4 c5 2.Nc3 Nc6 3.Nf3 d6 4.Bb5 g6 5.d4 cxd4 6.Qxd4 Nf6 7.e5 dxe5 8.Qxd8+ Kxd8
9.Bxc6 bxc6 10.Nxe5 Ke8 11.O-O Nd5 12.Bd2 Bg7 13.Nxc6 Nxc3 14.Bxc3 Bxc3 15.bxc3 Bd7
16.Ne5 f6 17.Nxd7 Kxd7 18.Rab1 Kc6 19.Rfe1 e5 20.Kf1 Rhd8 21.Ke2 Rd5 22.Red1 Rxd1
23.Kxd1 Rd8+ 24.Ke2 Rd5 25.Rb4 h5 26.h4 f5 27.g3 Ra5 28.a4 Rc5 29.Kd2 Rd5+
30.Kc1 Rc5 31.c4 e4 32.Kd2 a5 33.Rb5 Rxc4 34.Rxa5 Kb6 35.Re5 Rc6 36.Rb5+ Kc7
37.a5 Rd6+ 38.Ke2 Rc6 39.Kd2 Rd6+ 40.Kc1 Re6 41.Rb6 Re5 42.Rxg6 Rxa5 43.Rg5 Kd6
44.Rxh5 Ke6 45.Rh6+ Ke5 46.Rc6 Kd5 47.Rc8 Ke6 48.Kd2 Ra3 49.Rc3 Ra1 50.Ke2 f4
51.gxf4 Rh1 52.Rc5 Rxh4 53.Re5+ Kd6 54.Rxe4 Kd5 55.Ke3 Rh1 56.c4+ Kc5 57.f5  1-0

[Event "JUG-chT"]
[Site "Igalo"]
[Date "1994.??.??"]
[Round "?"]
[White "Rakic, Tomislav"]
[Black "Vukovic, Zdravko"]
[Result "0-1"]
[WhiteElo "2435"]
[BlackElo "2445"]

1.e4 c5 2.Nc3 Nc6 3.Nf3 d6 4.d4 cxd4 5.Nxd4 Nf6 6.Be2 e5 7.Nf3 h6 8.O-O Be7
9.h3 Be6 10.Re1 O-O 11.Bf1 Nb8 12.Nd5 Nxd5 13.exd5 Bf5 14.c4 Nd7 15.a4 a5
16.Ra3 Nc5 17.Rae3 Bg6 18.b3 f5 19.Ba3 b6 20.Nd4 f4 21.Bxc5 fxe3 22.Ne6 bxc5
23.Rxe3 Qe8 24.Rg3 Bh4 25.Rg4 Bxf2+ 26.Kh2 h5  0-1

[Event "JUG-chT"]
[Site "Igalo"]
[Date "1994.??.??"]
[Round "?"]
[White "Novoselski, Zoran"]
[Black "Kosanovic, Goran A"]
[Result "0-1"]
[WhiteElo "2360"]
[BlackElo "2385"]

1.e4 c5 2.Nc3 Nc6 3.Nf3 g6 4.Bc4 Bg7 5.O-O d6 6.d3 Nf6 7.a3 O-O 8.Ba2 Rb8
9.Bd2 b5 10.Qc1 Bg4 11.Ng5 b4 12.axb4 cxb4 13.Nd1 Nd4 14.Qb1 b3 15.Bxb3 Rxb3
16.cxb3 Nxb3 17.Bc3 Nxa1 18.Qxa1 h6 19.Nf3 Bxf3 20.gxf3 Qd7 21.Kg2 Nh5 22.Bd2 Rb8
23.Be3 Rb7 24.Nc3 Kh7 25.Qa2 e6 26.Ra1 Be5 27.d4 Bf4 28.Ne2 Bxe3 29.fxe3 Qb5
30.Kf2 Nf6 31.Qa3 Qh5 32.Qxd6 Rxb2 33.Re1 a5 34.Qf4 Kg7 35.h4 Qb5 36.Qe5 Qxe5
37.dxe5 Nd7 38.f4 Nc5 39.Kf3 Nb3 40.f5 Nd2+ 41.Kf4 a4 42.f6+ Kh7 43.Ra1 Nb3
44.Rxa4 Rxe2 45.Ra7 Nd2 46.Rxf7+ Kg8 47.Re7 Rf2+ 48.Kg4 Nxe4 49.Rxe6 h5+
50.Kh3 Rf5 51.Re7 Kf8 52.Kh2 Nc5 53.Kg3 Nd3 54.e4 Rxe5 55.Rg7 Rxe4 56.Rxg6 Re3+
57.Kh2 Rh3+ 58.Kg1 Rxh4 59.Rh6 Rg4+ 60.Kf1 Nf4 61.Rh7 Rg6 62.Kf2 Rxf6 63.Kg3 Kg8
64.Ra7 Rf5 65.Rb7 Ng6 66.Ra7 Rg5+ 67.Kh3 Nf4+  0-1

[Event "Ikaria op"]
[Site "Ikaria"]
[Date "1994.??.??"]
[Round "2"]
[White "Cela, Altin"]
[Black "Nenashev, Alexander"]
[Result "1-0"]
[WhiteElo "2345"]
[BlackElo "2575"]

1.e4 c5 2.Nf3 Nc6 3.Nc3 a6 4.d4 cxd4 5.Nxd4 e6 6.Be2 Qc7 7.O-O Nf6 8.Kh1 Bb4
9.Bg5 Qa5 10.Nxc6 bxc6 11.Bd2 Qc7 12.f4 d6 13.Bd3 c5 14.e5 dxe5 15.fxe5 Qxe5
16.Qf3 Ra7 17.Bf4 Qd4 18.Rad1 Bb7 19.Qh3 Bxc3 20.bxc3 Qa4 21.Bd6 Qc6 22.Be2 Qc8
23.Rxf6 gxf6 24.Qg3 Qc6 25.Bf3 Qa4 26.Bxc5 e5 27.Qg7  1-0

[Event "IND-ch"]
[Site "?"]
[Date "1994.??.??"]
[Round "1"]
[White "Dave, Kantilal"]
[Black "Murugan, Krishnamoorthy"]
[Result "0-1"]
[WhiteElo "2265"]
[BlackElo "2410"]

1.e4 c5 2.Nc3 Nc6 3.Nge2 Nf6 4.g3 e6 5.Bg2 d5 6.exd5 exd5 7.d4 cxd4 8.Nxd4 Bc5
9.Be3 Nxd4 10.Bxd4 Qe7+ 11.Ne2 Bxd4 12.Qxd4 O-O 13.Bf3 Bf5 14.O-O-O Rfc8
15.c3 Rc4 16.Qd2 Rac8 17.Qe3 Qb4 18.Rd2 Qa5 19.Qe5 Bg6 20.a3 Re8 21.Qd6 d4
22.Nxd4 Rxd4 23.Rxd4 Qf5 24.Be4 Nxe4 25.Qf4 Qxf4+ 26.gxf4 Nxf2 27.Rf1 Nd3+
28.Kd2 Nc5 29.Rd5 Nb3+ 30.Kd1 b6 31.f5 Bh5+ 32.Kc2 Nc5 33.b4 Ne4 34.Re1 g6
35.fxg6 Bxg6 36.Kb2 Re7 37.a4 f5 38.a5 Kf7 39.axb6 axb6 40.c4 Rc7 41.Rc1 Ke6
42.Rb5 Rc6 43.Ka3 f4 44.c5 bxc5 45.bxc5 Ke5 46.Kb4 f3 47.Rb6 Be8 48.Rb8 Re6
49.Rf1 Kf4 50.Rd8 f2 51.Rd3 Bh5 52.Rh3 Bg6 53.Kb5 Bf5 54.Rh4+ Kg5 55.Rxe4 Rxe4
56.Rxf2 Re2 57.h4+ Kg4 58.Rf1 Bd3+  0-1

[Event "IND-ch"]
[Site "?"]
[Date "1994.??.??"]
[Round "6"]
[White "Prasad, Devaki V"]
[Black "Wajih, Nassir"]
[Result "1-0"]
[WhiteElo "2445"]
[BlackElo "2340"]

1.e4 c5 2.Nf3 Nc6 3.Nc3 Nf6 4.Bb5 Nd4 5.e5 Nxb5 6.Nxb5 Ng4 7.h3 Nh6 8.O-O g6
9.d4 cxd4 10.Bg5 Nf5 11.Nfxd4 Qb6 12.Re1 Nxd4 13.Nxd4 Bg7 14.Qd3 h6 15.Bh4 d6
16.Bf6 Kf8 17.Bxg7+ Kxg7 18.exd6 Qxd6 19.Qc3 Kh7 20.Nb5 Qd8 21.Rad1 Qf8 22.Nc7 Rb8
23.Qc5 Qg7 24.Rxe7 Rf8 25.Ne8 Qh8 26.Qd6  1-0

[Event "Ischia op"]
[Site "Ischia"]
[Date "1994.??.??"]
[Round "?"]
[White "Nicevski, Dejan"]
[Black "Goh Yoon Wah"]
[Result "1-0"]
[WhiteElo "2255"]
[BlackElo "2225"]

1.e4 c5 2.Nf3 Nc6 3.Nc3 g6 4.d4 cxd4 5.Nxd4 Nf6 6.Bc4 Bg7 7.Nxc6 bxc6 8.e5 Ng8
9.Qf3 f5 10.Bf4 e6 11.O-O-O Qc7 12.h4 Bxe5 13.Bxe5 Qxe5 14.Bxe6 Ne7 15.Bb3 Kd8
16.Rhe1 Qc5 17.Qf4 Re8 18.Na4 Qa5 19.Qd6 Qc7 20.Qxc7+ Kxc7 21.Bf7 Kd8 22.Nc5 d5
23.Bxe8 Kxe8 24.Re5 a5 25.Rde1 Ra7 26.a4 Kf7 27.c3 Ng8 28.b4 Ba6 29.Re6 Bc4
30.Rxc6 Ne7 31.Rb6 d4 32.Rb7 Rxb7 33.Nxb7 Bb3 34.bxa5 Bxa4 35.c4 Ke8 36.c5 Kd7
37.Kd2 Nc8 38.Ra1  1-0

[Event "ISL-chT"]
[Site "?"]
[Date "1994.??.??"]
[Round "?"]
[White "Bjarnason, Saevar"]
[Black "Stefansson, Hannes"]
[Result "0-1"]
[WhiteElo "2315"]
[BlackElo "2525"]

1.e4 c5 2.Nc3 Nc6 3.Nge2 d6 4.d4 cxd4 5.Nxd4 Nf6 6.Bc4 e6 7.Be3 Be7 8.Bb3 O-O
9.Qe2 a6 10.O-O-O Qc7 11.g4 Nd7 12.g5 Nxd4 13.Rxd4 b5 14.h4 Nc5 15.h5 Rb8
16.f4 a5 17.f5 a4 18.f6 gxf6 19.gxf6 Bxf6 20.e5 Bxe5 21.Rg4+ Kh8 22.Bh6 f5
23.Bxf8 fxg4 24.Nxb5 Qc6 25.Rf1 Qxb5 26.Bh6 Ba6  0-1

[Event "Isla Guitart op"]
[Site "Isla Guitart "]
[Date "1994.??.??"]
[Round "?"]
[White "Garcia, Omar"]
[Black "Diaz, Augusto"]
[Result "1/2-1/2"]
[WhiteElo "2310"]
[BlackElo "2350"]

1.e4 c5 2.Nf3 Nc6 3.Nc3 g6 4.Bb5 Bg7 5.O-O Nf6 6.d3 O-O 7.Bxc6 dxc6 8.Be3 b6
9.h3 Ne8 10.a4 a5 11.Qd2 Nc7 12.Rfd1 Ne6 13.d4 cxd4 14.Nxd4 Qc7 15.Nxe6 Bxe6
16.Bf4 Qb7 17.Bh6 Qc7  1/2-1/2

[Event "Isle of Man op"]
[Site "Isle of Man"]
[Date "1994.??.??"]
[Round "7"]
[White "Emms, John M"]
[Black "Crouch, Colin S"]
[Result "1-0"]
[WhiteElo "2535"]
[BlackElo "2395"]

1.e4 c5 2.Nf3 Nc6 3.Nc3 g6 4.d4 cxd4 5.Nxd4 Bg7 6.Be3 Nf6 7.Bc4 O-O 8.Bb3 e6
9.O-O d5 10.exd5 exd5 11.h3 Na5 12.Qf3 Nxb3 13.axb3 Ne4 14.Rfd1 Nxc3 15.bxc3 Be6
16.Ne2 Qh4 17.Ra4 Qe7 18.Bd4 Rfc8 19.Bxg7 Kxg7 20.Qe3 b5 21.Ra6 b4 22.cxb4 Qxb4
23.Nd4 Bd7 24.Qe5+ Kg8 25.Qxd5 Rd8 26.Rd6  1-0

[Event "ITA-chT"]
[Site "Italy"]
[Date "1994.??.??"]
[Round "2"]
[White "Tassi, Oliviero"]
[Black "Scafarelli, Francesco"]
[Result "1/2-1/2"]
[WhiteElo "2320"]
[BlackElo "2295"]

1.e4 c5 2.Nf3 Nc6 3.Nc3 Nf6 4.d4 cxd4 5.Nxd4 d6 6.f3 e6 7.Be3 Be7 8.Qd2 d5
9.Bb5 Bd7 10.exd5 Nxd5 11.Nxd5 exd5 12.Nb3 a6 13.Be2 Bf5 14.c3 Na5 15.Nxa5 Qxa5
16.O-O O-O 17.Rfd1 Rad8 18.Bf1 Rfe8 19.Qf2 Rc8 20.Bb6 Qxb6 21.Qxb6 Bc5+ 22.Qxc5 Rxc5
23.Kf2 Kf8 24.Rd4 Re6 25.Rb4 Re7 26.Re1 Rxe1 27.Kxe1 Bc8 28.Kd2 Ke7 29.Ke3 Kd6
30.f4 b5 31.Be2 Bd7 32.Bf3 Rc8 33.a4 a5 34.Rd4 Rc5 35.axb5 Rxb5 36.Rd2 Be6  1/2-1/2

[Event "JUG-chT2"]
[Site "?"]
[Date "1994.??.??"]
[Round "5"]
[White "Kontic, Djordje"]
[Black "Tringov, Georgi P"]
[Result "1-0"]
[WhiteElo "2390"]
[BlackElo "2435"]

1.e4 c5 2.Ne2 Nc6 3.Nbc3 e6 4.g3 Nf6 5.Bg2 Be7 6.O-O O-O 7.h3 d6 8.d3 Rb8
9.f4 Nd7 10.g4 b5 11.Ng3 Nd4 12.Nce2 Nxe2+ 13.Qxe2 b4 14.g5 a5 15.h4 Re8
16.a4 b3 17.c4 Bb7 18.Bd2 Bc6 19.Bc3 Nb6 20.f5 Bf8 21.f6 g6 22.h5 Nxa4 23.hxg6 hxg6
24.Rxa4 Bxa4 25.Qg4 d5 26.Qh4 dxe4 27.Kf2 Qxd3 28.Rh1 e3+ 29.Kg1 Qd1+ 30.Bf1  1-0

[Event "JUG-chT2"]
[Site "?"]
[Date "1994.??.??"]
[Round "9"]
[White "Saric, Natasa"]
[Black "Alexandria, Nana"]
[Result "1/2-1/2"]
[WhiteElo "2055"]
[BlackElo "2305"]

1.e4 c5 2.Ne2 Nc6 3.Nbc3 e6 4.g3 d5 5.exd5 exd5 6.d4 Bg4 7.Bg2 Nxd4 8.h3 Bf3
9.Kf1 Nxe2 10.Bxf3 Nxc3 11.bxc3 Nf6 12.c4 Be7 13.cxd5 O-O 14.Rb1 Rb8 15.c4 Ne8
16.Kg2 Nd6 17.Bf4 Bg5 18.Bxd6 Qxd6 19.Re1 g6 20.Qc2 a6 21.a4 b6 22.Re2 Kg7
23.Qd3 Bf6 24.Ree1 Rfc8 25.Rb3 h5 26.Qc2 h4 27.Re4 hxg3 28.fxg3 Re8 29.Rbe3 Rxe4
30.Qxe4 b5 31.axb5 axb5 32.cxb5 Rxb5 33.Re2 Qa6 34.Rf2 Qa1 35.Be2 Rb4 36.Qf3 Qe5
37.h4 Re4 38.h5 Re3 39.h6+ Kxh6 40.Qxf6 Qxf6 41.Rxf6 Rxe2+ 42.Kf3 Re5 43.Rxf7 Rxd5
44.Rc7 Kg5 45.Rc6 Rd3+ 46.Kg2 Rc3 47.Kf2 Kf5 48.g4+ Kg5 49.Ke2 Rc4 50.Kf3 Rf4+
51.Ke3 Rc4 52.Kf3 Rc1 53.Ke3 c4 54.Kd2 Rg1 55.Rxc4 Rxg4 56.Rc5+ Kh4 57.Ke3 Kg3
58.Rc1 g5 59.Rg1+ Kh3 60.Rh1+ Kg2 61.Rh5 Kg3 62.Rh8 Kg2 63.Rh5 Kg1 64.Kf3 Rg2
65.Rh8 g4+ 66.Kf4 g3 67.Ra8 Kh1 68.Kf3 Kh2 69.Rh8+ Kg1 70.Rh3  1/2-1/2

[Event "JUG-chT2"]
[Site "?"]
[Date "1994.??.??"]
[Round "10"]
[White "Cerovic, Zoran"]
[Black "Kunovac, Daniel"]
[Result "1-0"]
[WhiteElo "2125"]
[BlackElo "2235"]

1.e4 c5 2.Nc3 Nc6 3.Nge2 g6 4.g3 Bg7 5.Bg2 d6 6.f4 e6 7.O-O Nge7 8.d3 O-O
9.Be3 Nd4 10.Bf2 Nec6 11.Rb1 Rb8 12.Nxd4 Nxd4 13.Ne2 b5 14.c3 Nxe2+ 15.Qxe2 b4
16.e5 Ba6 17.Rfd1 Qc7 18.Qe3 bxc3 19.bxc3 Rxb1 20.Rxb1 Rc8 21.d4 cxd4 22.cxd4 d5
23.Qb3 Bf8 24.g4 Be7 25.h3 f5 26.exf6 Bxf6 27.f5 Bc4 28.Qe3 e5 29.Bg3 Bxa2
30.Ra1 Bc4 31.dxe5 Be7 32.Kh2 Bc5 33.Qg5 Qg7 34.f6 Qf7 35.Re1 Re8 36.h4 Bb4
37.Rd1 Re6 38.Bxd5 Bxd5 39.Rxd5 Re8 40.Rd1 Qa2+ 41.Kh3 Qf7 42.Qc1 h5 43.Qg5 hxg4+
44.Qxg4 Qe6 45.Rd7 Kf8 46.Qxe6 Rxe6 47.Rxa7 Bc3 48.Bf4  1-0

[Event "JUG-chT"]
[Site "JUG"]
[Date "1994.??.??"]
[Round "5"]
[White "Jovicevic, Bozidar"]
[Black "Bacetic, Nikola"]
[Result "1-0"]
[WhiteElo "2300"]
[BlackElo "2325"]

1.e4 c5 2.Nc3 Nc6 3.Nf3 e5 4.Bc4 Be7 5.d3 Nf6 6.Nd2 O-O 7.Nf1 d6 8.Ne3 Be6
9.Ncd5 Ne8 10.O-O Bg5 11.a4 g6 12.g3 Bh3 13.Ng2 Bxc1 14.Qxc1 Nd4 15.Qd1 Nf6
16.c3 Nxd5 17.Bxd5 Nc6 18.Qd2 Kg7 19.f4 Qd7 20.f5 f6 21.Be6 Qd8 22.Rf2 Bxg2
23.Kxg2 g5 24.h4 h6 25.Qe2 Rh8 26.Rh1 Qe8 27.Kf1 Nd8 28.Bb3 Nf7 29.Qh5 Kf8
30.Qg6 Ke7 31.hxg5 hxg5 32.Rxh8 Nxh8 33.Qg7+ Nf7 34.Rh2 Qg8 35.Qxf7+ Qxf7
36.Bxf7 Kxf7 37.Rh7+ Kg8 38.Rxb7 a5 39.Ke2 Kf8 40.Kd2 Ra6 41.Kc2 Ke8 42.Kb3 Kd8
43.Kc4 Kc8 44.Rf7 Rb6 45.b3 Kb8 46.Rd7 Ka8 47.Kd5 Rxb3 48.Kxd6 Rxc3 49.Ke6 c4
50.dxc4 Rxc4 51.Kxf6 Rxe4 52.Ke7  1-0

[Event "Kassel op"]
[Site "Kassel"]
[Date "1994.??.??"]
[Round "3"]
[White "Gutman, Lev"]
[Black "Scho, Christian"]
[Result "1-0"]
[WhiteElo "2450"]
[BlackElo "2135"]

1.e4 c5 2.Nf3 Nc6 3.Nc3 g6 4.h4 Bg7 5.h5 d6 6.Bc4 e6 7.d3 a6 8.a4 Nge7 9.hxg6 hxg6
10.Rxh8+ Bxh8 11.Ng5 Nd4 12.Be3 Nec6 13.Kd2 Bd7 14.Qh1 Qf6 15.Qh7 Qg7 16.Rh1 Ke7
17.f4 Nb4 18.Qh4 f6 19.Nh7 Kf7 20.e5 dxe5 21.fxe5 fxe5 22.Bxd4 cxd4 23.Ne4 Nd5
24.Rf1+ Kg8 25.Nef6+  1-0

[Event "Keszthely op"]
[Site "Keszthely"]
[Date "1994.??.??"]
[Round "?"]
[White "Eismont, Oleg"]
[Black "Jakus, Katalin"]
[Result "1/2-1/2"]
[WhiteElo "2440"]
[BlackElo "2150"]

1.e4 c5 2.Nc3 Nc6 3.Nf3 d6 4.d4 cxd4 5.Nxd4 Nf6 6.Be2 g6 7.O-O Bg7 8.Nb3 O-O
9.Bg5 a6 10.a4 b6 11.f4 Bb7 12.Kh1 Nb4 13.Bf3 Qc7 14.Qd2 Rab8 15.Rad1 Rfd8
16.Nd5 Nbxd5 17.exd5 Rbc8 18.Rfe1 Re8 19.Re2 Qc4 20.Qd3 Qxa4 21.Rde1 Rc7  1/2-1/2

[Event "Kopavogur"]
[Site "Kopavogur"]
[Date "1994.??.??"]
[Round "?"]
[White "Emms, John M"]
[Black "Jonasson, Benedikt"]
[Result "1-0"]
[WhiteElo "2525"]
[BlackElo "2280"]

1.e4 c5 2.Nc3 Nc6 3.Nf3 g6 4.d4 cxd4 5.Nxd4 Bg7 6.Be3 Nf6 7.Bc4 O-O 8.Bb3 d6
9.h3 Bd7 10.O-O Nxd4 11.Bxd4 Bc6 12.Qd3 Nd7 13.Bxg7 Kxg7 14.Rfe1 a6 15.Nd5 Rc8
16.Rad1 Nc5 17.Qe3 Nxb3 18.Qxb3 Bxd5 19.exd5 Qd7 20.Rd4 Qf5 21.c3 Rc7 22.Re2 b5
23.Qd1 Rb8 24.a3 a5 25.Qd2 Rbb7 26.Rf4 Qc8 27.Rh4 h5 28.Rhe4 Kg8 29.Qg5 Qf8
30.Kh2 Kg7 31.R2e3 f6 32.Qf4 Qf7 33.Re6 Rc4 34.Qf3 Rc5 35.Qe2 Rcc7 36.Qd2 Rc5
37.Qe2 Rcc7 38.R3e4 Kf8 39.g4 h4 40.Rf4 Rc4 41.Rf3 Rbc7 42.Qe3 R4c5 43.Qd4 Kg8
44.Kg2 Qg7 45.b4 Rc4 46.Qb6 axb4 47.cxb4 Qf8 48.g5 Rc3 49.Rxc3 Rxc3 50.gxf6 Rxa3
51.Rxe7 Qc8 52.f7+ Kg7 53.Qd4+  1-0

[Event "Kopavogur"]
[Site "Kopavogur"]
[Date "1994.??.??"]
[Round "?"]
[White "Emms, John M"]
[Black "Grivas, Efstratios"]
[Result "1/2-1/2"]
[WhiteElo "2525"]
[BlackElo "2505"]

1.e4 c5 2.Nf3 Nc6 3.Nc3 e5 4.Bc4 d6 5.d3 Be7 6.Nd2 Nf6 7.Nf1 Bg4 8.f3 Be6
9.Ne3 O-O 10.O-O Rb8 11.a3 Nd7 12.Ncd5 Bg5 13.c3 b5 14.Ba2 Nb6 15.Nxb6 Rxb6
16.b4 a5 17.bxa5 Nxa5 18.Nd5 Bxd5 19.Bxd5 Bxc1 20.Qxc1 c4 21.Qe3 cxd3 22.Qxd3 Qc7
23.f4 Qc5+ 24.Kh1 exf4 25.Rxf4 Nc4 26.Raf1 Ne5 27.Qh3 Rbb8 28.Rh4 h6 29.Rxh6 gxh6
30.Qxh6 Qxc3 31.Qg5+ Kh7 32.Qh4+ Kg8  1/2-1/2

[Event "Kopavogur"]
[Site "Kopavogur"]
[Date "1994.??.??"]
[Round "?"]
[White "Hebden, Mark"]
[Black "Arnason, Jon L"]
[Result "1/2-1/2"]
[WhiteElo "2530"]
[BlackElo "2520"]

1.e4 c5 2.Nc3 Nc6 3.Nf3 d6 4.d4 cxd4 5.Nxd4 Nf6 6.Bg5 e6 7.Qd2 a6 8.O-O-O Bd7
9.f3 b5 10.Nxc6 Bxc6 11.Ne2 Bb7 12.Kb1 Rc8 13.Nc1 h6 14.Be3 Qc7 15.Bd3 Be7
16.Rhe1 e5 17.Qf2 O-O 18.Ne2 d5 19.Bb6 Bc5 20.Qxc5 Qxc5 21.Bxc5 Rxc5 22.exd5 Bxd5
23.Ng3 Re8 24.c3 g6 25.Rd2 Rc6 26.Be4 Nxe4 27.Nxe4 Bxe4+ 28.fxe4 Kg7 29.Rd7 Ree6
30.Kc2 Rf6 31.Re2 b4 32.Re7 bxc3 33.bxc3 Rc5 34.Rd7 Rfc6 35.Rf2 Rxc3+ 36.Kb2 Kg8
37.Rd8+  1/2-1/2

[Event "Kstovo op"]
[Site "Kstovo"]
[Date "1994.??.??"]
[Round "9"]
[White "Balashov, Yuri S"]
[Black "Petrushin, Alexander I"]
[Result "1-0"]
[WhiteElo "2505"]
[BlackElo "2490"]

1.e4 c5 2.Nc3 Nc6 3.Nf3 Nf6 4.Bb5 g6 5.e5 Ng4 6.Bxc6 dxc6 7.h3 Nh6 8.d3 Bg7
9.O-O O-O 10.Ne4 b6 11.b3 f5 12.Neg5 Nf7 13.Nxf7 Rxf7 14.Bf4 h6 15.h4 e6
16.Qd2 Kh7 17.Kh2 a5 18.a4 Ba6 19.Rh1 Rd7 20.Kg1 c4 21.bxc4 Bxc4 22.Qe3 Bd5
23.h5 g5 24.Bxg5 hxg5 25.Nxg5+ Kg8 26.h6 Bf8 27.c4 Bxc4 28.h7+ Kh8 29.dxc4 Bc5
30.Qf4 Raa7 31.Rh6 Rd4 32.Qc1 Rd2 33.Nxe6 Bxf2+ 34.Kh1 Qd3 35.Nf4 Qe3 36.Ng6+  1-0

[Event "Kurgan"]
[Site "Kurgan"]
[Date "1994.??.??"]
[Round "1"]
[White "Balashov, Yuri S"]
[Black "Predein, V."]
[Result "1/2-1/2"]
[WhiteElo "2510"]
[BlackElo "2360"]

1.e4 c5 2.Nc3 Nc6 3.Nge2 d6 4.g3 g6 5.Bg2 Bg7 6.O-O e6 7.d3 Nge7 8.Bg5 O-O
9.Qd2 Nd4 10.Rae1 Qd7 11.Nd1 b6 12.c3 Nxe2+ 13.Qxe2 Bb7 14.h4 Rae8 15.h5 Nc6
16.hxg6 fxg6 17.f4 Nd8 18.g4 Nf7 19.Bh4 g5 20.fxg5 Ne5 21.Rxf8+ Rxf8 22.Rf1  1/2-1/2

[Event "Kurgan"]
[Site "Kurgan"]
[Date "1994.??.??"]
[Round "1"]
[White "Kotsur, Pavel"]
[Black "Avrukh, Boris"]
[Result "1/2-1/2"]
[WhiteElo "2455"]
[BlackElo "2425"]

1.e4 c5 2.Nc3 Nc6 3.Nf3 d6 4.d4 cxd4 5.Nxd4 Nf6 6.Bg5 e6 7.Qd3 Be7 8.O-O-O Nxd4
9.Qxd4 O-O 10.Bc4 Qa5 11.Bd2 Qc7 12.Bb3 Bd7 13.f4 Rfd8 14.Qd3 Bc6 15.Rhf1 b5
16.Nxb5 Qb7 17.Nc3 Nxe4 18.f5 e5 19.Nd5 Nc5 20.Nxe7+ Qxe7 21.Qc4 Be4 22.Bb4 Nxb3+
23.axb3 Qg5+ 24.Bd2 Qxg2 25.Rg1 Rac8 26.Rxg2 Rxc4 27.Rxg7+ Kxg7 28.bxc4 Bxf5
29.Bb4 Kf6 30.Bxd6 Rg8 31.b4 Rg4 32.Re1 Be4 33.b5 Ke6 34.Bb8 f5  1/2-1/2

[Event "Kurgan"]
[Site "Kurgan"]
[Date "1994.??.??"]
[Round "3"]
[White "Galdunts, Sergey"]
[Black "Avrukh, Boris"]
[Result "1-0"]
[WhiteElo "2420"]
[BlackElo "2425"]

1.e4 c5 2.Nc3 Nc6 3.Nge2 d6 4.d4 cxd4 5.Nxd4 Nf6 6.Bc4 e6 7.O-O Be7 8.Be3 O-O
9.Bb3 a6 10.a4 Bd7 11.f4 Nxd4 12.Bxd4 Bc6 13.Qe2 b5 14.axb5 axb5 15.Nxb5 Nxe4
16.c4 Rxa1 17.Rxa1 e5 18.Ba7 exf4 19.Nd4 Bb7 20.Bc2 Nc5 21.Rd1 Nd7 22.c5 Ne5
23.c6 Qa5 24.cxb7 Qxa7 25.Be4 h5 26.h3 g6 27.Kh1 Kg7 28.Qf2 Qa4 29.b3 Qb4
30.Qxf4 Bf6 31.Bxg6 Qxb7 32.Be4 Qb4 33.Nf5+ Kg8 34.Nh6+ Kg7 35.Nf5+ Kg8 36.Nxd6 Bg7
37.Bh7+ Kxh7 38.Qxb4  1-0

[Event "Kurgan"]
[Site "Kurgan"]
[Date "1994.??.??"]
[Round "7"]
[White "Tseshkovsky, Vitaly"]
[Black "Pugachov, Alexey"]
[Result "1-0"]
[WhiteElo "2515"]
[BlackElo "2470"]

1.e4 c5 2.Nc3 Nc6 3.Nge2 e5 4.Nd5 d6 5.Nec3 Be6 6.Bc4 Be7 7.O-O Nf6 8.d3 O-O
9.a4 Ne8 10.a5 Bg5 11.a6 b6 12.Kh1 Bxc1 13.Qxc1 Nc7 14.f4 exf4 15.Qxf4 Nd4
16.Rf2 Rb8 17.Nxc7 Qxc7 18.Nd5 Qd8 19.Raf1 b5 20.Ba2 Kh8 21.c3 Nc6 22.Qg3 Ne5
23.d4 Ng6 24.b4 cxd4 25.cxd4 Rc8 26.h4 Rb8 27.h5 Ne7 28.h6 gxh6 29.Nf6 Bxa2
30.Rxa2 Ng8 31.Raf2 Rc8 32.Nxh7  1-0

[Event "Kurgan"]
[Site "Kurgan"]
[Date "1994.??.??"]
[Round "7"]
[White "Balashov, Yuri S"]
[Black "Kotsur, Pavel"]
[Result "1/2-1/2"]
[WhiteElo "2510"]
[BlackElo "2455"]

1.e4 c5 2.Nc3 Nc6 3.Bb5 g6 4.Bxc6 bxc6 5.d3 Bg7 6.Nge2 d6 7.Be3 f5 8.Qd2 Rb8
9.Rb1 Rb7 10.O-O Nf6 11.Bh6 e6 12.h3 O-O 13.Bxg7 Rxg7 14.f4 c4 15.Qe3 cxd3
16.cxd3 Qb6 17.Rf3 fxe4 18.dxe4 d5 19.e5 Nd7 20.b4 Qxe3+ 21.Rxe3 g5 22.fxg5 Rxg5
23.Re1 Rxe5 24.Nd4 Rxe3 25.Rxe3 e5 26.Rg3+ Kf7 27.Rf3+ Nf6 28.Nxc6 Ke6 29.Re3 e4
30.Ne2 Bd7 31.Ncd4+ Kd6 32.Ra3 Rb8 33.b5 Rb6 34.Rb3 a6 35.a4 axb5 36.axb5 Ke5
37.Kf2 Ne8 38.Rg3 Bxb5 39.Rg5+ Kd6 40.Nc3 Bc4 41.Nf5+ Ke5 42.Ne3+ Kd4 43.Nxc4 dxc4
44.Ne2+ Kd3 45.Rd5+ Kc2 46.Ke3 Nf6 47.Rd2+ Kb3 48.Nc1+ Kc3 49.Na2+ Kb3 50.Nc1+ Kc3  1/2-1/2

[Event "Kurgan"]
[Site "Kurgan"]
[Date "1994.??.??"]
[Round "8"]
[White "Galdunts, Sergey"]
[Black "Chuprov, A."]
[Result "1-0"]
[WhiteElo "2420"]
[BlackElo "2410"]

1.e4 c5 2.Nc3 Nc6 3.Nge2 g6 4.g3 Bg7 5.Bg2 e6 6.d3 Nge7 7.h4 h6 8.Be3 Nd4
9.Qd2 Nec6 10.h5 g5 11.f4 g4 12.e5 d6 13.Bxc6+ Nxc6 14.Nb5 dxe5 15.Bxc5 Ne7
16.Nd6+ Kf8 17.Rf1 f5 18.fxe5 Bxe5 19.Nc4 Bf6 20.O-O-O Kg7 21.Rde1 Nc6 22.Nf4 e5
23.Ng6 Qd5 24.Qf2 Be6 25.b3 b6 26.Ba3 Rhe8 27.Kb1 Nd4 28.Ncxe5 Rad8 29.Bb2 Qd6
30.Nxg4 Bxb3 31.Nxf6 Bxc2+ 32.Qxc2 Rxe1+ 33.Rxe1 Nxc2 34.Ne8+ Kh7 35.Nxd6 Nxe1
36.Nxf5 Nxd3 37.Bf6 Rd5 38.Nf8+ Kg8 39.Ne7+ Kxf8 40.Nxd5 Kf7 41.Bd4 Ne1  1-0

[Event "Las Vegas op"]
[Site "Las Vegas"]
[Date "1994.??.??"]
[Round "?"]
[White "De Firmian, Nick E"]
[Black "Feldman, Steven"]
[Result "1-0"]
[WhiteElo "2580"]
[BlackElo "2275"]

1.e4 c5 2.Nf3 Nc6 3.Nc3 e5 4.Bc4 d6 5.d3 Be7 6.Nd5 Nf6 7.Nxe7 Qxe7 8.c3 Be6
9.Bb3 O-O-O 10.O-O d5 11.Qe2 h6 12.Ba4 dxe4 13.dxe4 Qc7 14.Bxc6 Qxc6 15.Re1 Bg4
16.h3 Bxf3 17.Qxf3 Rhe8 18.Qg3 g5 19.Qf3 Kb8 20.Be3 Rd3 21.Rad1 c4 22.b3 Nxe4
23.bxc4 Rxd1 24.Rxd1 Qxc4 25.Rd7 f6 26.Rh7 b6 27.Kh2 Rf8 28.Qf5 Qc6 29.Rxh6 Nxc3
30.Bxg5 Nd5 31.Qe4 Qd7 32.Rh7 Rf7 33.Rh8+ Kc7 34.Bh4 Qc6 35.Bg3 Kb7 36.Qg6 Rd7
37.Bxe5 Ka6 38.Bg3 Nc3 39.Qe8  1-0